00250nam a2200109Ia 4500100002100000650001200021654001800033245003200051260003800083300000700121546001200128 aAndrews/ Sudhir  aGeneral aHow To succed aHow To Succed At Interviews bTata McGraw HillaNew Delhic1988 a91 aENGLISH